000 00761nam a2200229Ia 4500
001 8499
003 GE_BSU
008 181216s||||||||xx |||||||||||||| ||und||
040 _cGE_BSU
080 _a821.353.1-1
100 _aვარშანიძე,მამია.
245 _aჩემი საუნჯე.
245 _bლექსები.
245 _cრედ:მამია ხარაზი;მხატვ:რობერტ ლომაძე.
260 _aბათუმი.
260 _bაჭარის ჟურნალ-გაზეთების გამ-ბა.
260 _c1992.
300 _a331გვ;20სმ.
653 _aლექსები.
653 _aჩემი საუნჯე.
942 _cBK
999 _c41816
_d41816